000
00324nam a22001457a 4500
008
240126b ||||| |||| 00| 0 eng d
020
_a
9780465048922
041
_a
eng
080
_2
1994
_a
521
082
_a
521DAV
100
_a
19
101
_a
ASTRO
245
_a
THE LAST THREE MINUTES
_c
PAUL DAVIES
942
_2
udc
_c
BK
999
_c
60553
_d
60553